Palma de Mallorca Airport Destinations (Majorca, Spain) - Statistics

General Stats
  • This quiz has been taken 311 times
    136 since last reset
  • The average score is 132 of 212
Answer Stats
Airline Destination % Correct
British Airways London (City)
99%
British Airways/easyJet/TUI Airways London (Gatwick)
99%
British Airways London (Heathrow)
99%
easyJet/Jet2.com/Ryanair/ TUI Airways/Wizz Air London (Luton)
99%
easyJet London (Southend)
99%
Jet2.com/Ryanair/TUI Airways London (Stansted)
99%
easyJet/ITA Airways Milan (Linate)
99%
AlbaStar/easyJet/Neos/Ryanair Milan (Malpensa)
99%
Braathens International Airways/Norwegian Air Shuttle/Scandinavian Airlines/Sunclass Airlines Oslo
99%
Air France/Air Nostrum/easyJet Paris (Charles de Gaulle)
99%
Air Europa/Transavia/Vueling Paris (Orly)
99%
easyJet/Eurowings/Ryanair/Sundair Berlin
97%
Air Europa/Ryanair/Vueling Barcelona
96%
Braathens International Airways/Jettime/Norwegian Air Shuttle/Ryanair/Scandinavian Airlines/Sunclass Airlines/Vueling Copenhagen
96%
Air Europa/Iberia Express/Ryanair Madrid
96%
ITA Airways/Neos/ Ryanair/Vueling/Wizz Air Rome (Fiumicino)
96%
Aer Lingus/Ryanair/TUI fly Netherlands Dublin
94%
Condor/Eurowings/Ryanair Hamburg
94%
Condor/Discover Airlines/Eurowings/ Lufthansa/Travelcoup/TUI fly Deutschland Munich
94%
easyJet/Eurowings/Ryanair/Smartwings Prague
94%
Corendon Dutch Airlines/easyJet/ KLM/Transavia/TUI fly Netherlands/Vueling Amsterdam
93%
Aegean Airlines/easyJet Athens
93%
British Airways/easyJet/Jet2.com/Ryanair/TUI Airways Edinburgh
93%
Finnair/Norwegian Air Shuttle/Sunclass Airlines Helsinki
93%
British Airways Isle of Man
93%
Ryanair/Volotea/Vueling Marseille
93%
easyJet/Ryanair Naples
93%
Brussels Airlines/Ryanair/TUI fly Belgium Brussels
91%
Condor/Discover Airlines/Lufthansa/TUI fly Deutschland Frankfurt
91%
airBaltic Riga
91%
Air Europa/Ryanair/Vueling Seville
91%
Chair Airlines/Condor/easyJet/Edelweiss Air/Eurowings/Helvetic Airways/Travelcoup/Swiss International Air Lines/ Zürich
91%
Air Algérie Algiers
90%
British Airways Belfast (City)
90%
easyJet/Jet2.com/Ryanair/TUI Airways Belfast (International)
90%
Air Europa/Volotea/Vueling Bilbao
90%
easyJet/Jet2.com/Ryanair/TUI Airways Birmingham
90%
Air Nostrum/easyJet/TAP Air Portugal/Vueling Lisbon
90%
easyJet/Jet2.com/Ryanair Liverpool
90%
easyJet/Transavia/Volotea Lyon
90%
easyJet/Jet2.com/Ryanair/TUI Airways Manchester
90%
Jettime/Norwegian Air Shuttle/Ryanair/Scandinavian Airlines/Sunclass Airlines/TUI fly Nordic Stockholm (Arlanda)
90%
Air Europa/Iberia/Ryanair/Vueling Valencia
90%
AlbaStar/Wizz Air Venice
90%
Enter Air/LOT Polish Airlines/Ryanair/Smartwings/Wizz Air Warsaw (Chopin)
90%
Ryanair Warsaw (Modlin)
90%
Air Europa/Iberia/Ryanair/Vueling Alicante
89%
Ryanair/Smartwings/Wizz Air Budapest
89%
easyJet/Swiss International Air Lines Geneva
89%
easyJet/Jet2.com/TUI Airways Glasgow
89%
Ryanair Glasgow (Prestwick)
89%
Ryanair Kraków
89%
Austrian Airlines/Condor/Ryanair Vienna
89%
Ryanair Zagreb
89%
Air Serbia Belgrade
87%
Ryanair Bucharest
87%
Eurowings/Leav Aviation/Ryanair Cologne/Bonn
87%
Condor/Corendon Airlines/Eurowings/TUI fly Deutschland Düsseldorf
87%
Air Europa/Iberia/Uep Fly Ibiza
87%
easyJet/Iberia Nice
87%
Transavia Rotterdam/The Hague
87%
Bulgaria Air/Ryanair Sofia
87%
Air Europa/Ryanair/Vueling Málaga
86%
Air Nostrum/easyJet/Ryanair Porto
86%
Braathens International Airways/Norwegian Air Shuttle/Sunclass Airlines Bergen
84%
easyJet/Jet2.com/Ryanair/TUI Airways Bristol
84%
airBaltic/GetJet Airlines Vilnius
84%
Aer Lingus/Ryanair/TUI fly Netherlands Cork
83%
Ryanair Hahn
83%
Luxair/Ryanair Luxembourg
81%
Eurowings/TUI fly Deutschland/Vueling Stuttgart
81%
TUI Airways Cardiff
80%
easyJet/Jet2.com/ Ryanair/TUI Airways Leeds/Bradford
80%
easyJet/Jet2.com/Ryanair/TUI Airways Newcastle upon Tyne
80%
easyJet Palermo
80%
Eurowings Salzburg
80%
airBaltic Tallinn
80%
Binter Canarias/Ryanair/Vueling Tenerife (North)
80%
easyJet/Eurowings Basel/Mulhouse
79%
Air Nostrum/Helvetic Airways Bern
79%
easyJet/Volotea/Vueling Bordeaux
79%
Corendon Airlines/Eurowings/TUI fly Deutschland Hannover
79%
Air Europa/Iberia/Uep Fly Menorca
79%
TUI fly Belgium Antwerp
77%
easyJet/TUI fly Belgium/Volotea Lille
77%
Iberia/Ryanair/Vueling Zaragoza
77%
Air Nostrum/Ryanair/Smartwings Bratislava
76%
Norwegian Air Shuttle/Ryanair/Scandinavian Airlines/Sunclass Airlines/TUI fly Nordic Gothenburg
76%
Eurowings Innsbruck
76%
Enter Air Gdańsk
74%
Eurowings/Ryanair Nuremberg
74%
easyJet/Ryanair/Volotea Toulouse
74%
TUI Airways Aberdeen
73%
Air Nostrum/AlbaStar/Neos/Ryanair Bologna
71%
Binter Canarias/Ryanair Gran Canaria
71%
easyJet/Transavia/Volotea/Vueling Nantes
71%
easyJet/TUI Airways Southampton
71%
Eurowings Dortmund
70%
Eurowings/Sundair Dresden
70%
Ryanair Pisa
70%
Eurowings/Ryanair/Sundair Bremen
69%
Condor/Eurowings Leipzig/Halle
69%
Jettime/Sunclass Airlines Malmö
69%
Norwegian Air Shuttle/Ryanair/Scandinavian Airlines Aarhus
67%
Enter Air/LOT Polish Airlines/Smartwings/Wizz Air Katowice
67%
Ryanair Marrakech
67%
Eurowings Graz
66%
Eurowings Linz
66%
AlbaStar/Neos/Ryanair Verona
66%
Ryanair/Transavia/TUI fly Netherlands Eindhoven
64%
Ryanair/Vueling Santiago de Compostela
64%
easyJet/Volotea Strasbourg
64%
Iberia Vigo
64%
Jettime/Norwegian Air Shuttle/Sunclass Airlines Aalborg
63%
FlyOne/SkyUp Airlines Chișinău
63%
Braathens International Airways/Norwegian Air Shuttle/Scandinavian Airlines/Sunclass Airlines Trondheim
63%
Smartwings Brno
61%
Enter Air/LOT Polish Airlines/Ryanair Poznań
61%
Air Europa/Vueling Granada
60%
TUI fly Belgium Ostend/Bruges
60%
Enter Air/Ryanair Wrocław
60%
Wizz Air Cluj-Napoca
59%
Iberia/Vueling Santander
59%
Ryanair Cagliari
57%
TUI fly Belgium Liège
57%
Ryanair Charleroi
56%
easyJet Montpellier
56%
Braathens International Airways/Norwegian Air Shuttle/Scandinavian Airlines/Sunclass Airlines Stavanger
56%
Braathens International Airways/Jettime/Norwegian Air Shuttle/Sunclass Airlines/Vueling Billund
54%
Jet2.com/Ryanair/TUI Airways East Midlands
54%
Iberia Almería
51%
Volotea/Vueling Asturias
51%
Air Nostrum/AlbaStar/Neos/Ryanair Bergamo
51%
Vueling Jerez de la Frontera
51%
British Airways Jersey
51%
Enter Air/Eurowings/Ryanair Karlsruhe/Baden-Baden
51%
Ryanair Kaunas
51%
AlbaStar/Corendon Dutch Airlines/TUI fly Netherlands Groningen
50%
TUI Airways Norwich
50%
Ryanair/TUI fly Netherlands Shannon
50%
Ryanair Fès
49%
United Airlines Newark
49%
Volotea San Sebastián
49%
AlbaStar Tel Aviv
49%
Braathens International Airways/Sunclass Airlines Ålesund
47%
Jet2.com/Ryanair/TUI Airways Bournemouth
47%
AlbaStar/TUI Airways Inverness
47%
Eurowings/Ryanair/SmartLynx Airlines Münster/Osnabrück
47%
Smartwings Ostrava
47%
Ryanair Weeze
47%
Scandinavian Airlines Bodø
46%
Volotea Brest
46%
Iberia/Ryanair Valladolid
46%
Ryanair/TUI Airways Exeter
43%
Eurowings/Ryanair Memmingen
43%
Enter Air Bydgoszcz
41%
British Airways Guernsey
41%
Smartwings Košice
40%
Iberia Pamplona
40%
Ryanair Beauvais
39%
Ryanair Klagenfurt
39%
Animawings Timișoara
39%
Eurowings Erfurt/Weimar
37%
Air Nostrum/Eurowings/Freebird Airlines/Ryanair Paderborn/Lippstadt
37%
Iberia Badajoz
36%
Iberia Córdoba
36%
Iberia León
36%
Ryanair/Sundair Lübeck
36%
Iberia Andorra/La Seu d'Urgell
33%
Iberia Castellón
33%
AlbaStar Friedrichshafen
33%
Ryanair Knock
33%
Braathens International Airways/Sunclass Airlines Kristiansand
33%
Iberia/Ryanair Vitoria
33%
Braathens International Airways/Jettime/Norwegian Air Shuttle Luleå
31%
Iberia Melilla
31%
Eurowings/SkyUp Airlines Saarbrücken
31%
Iberia/Volotea Salamanca
31%
Iberia Reus
30%
Ryanair Treviso
30%
Atlantic Airways Vagar
30%
Air Arabia/Iberia Nador
29%
Enter Air Rzeszów
29%
AlbaStar/Sundair Kassel
27%
Sunclass Airlines Odense
27%
Norwegian Air Shuttle Harstad/Narvik
26%
Jettime/Sunclass Airlines Jönköping
26%
Jettime Oulu
26%
Norwegian Air Shuttle/Ryanair Sandefjord
26%
Braathens International Airways/Jettime/Norwegian Air Shuttle Växjö
26%
People's St. Gallen/Altenrhein
24%
Ryanair/TUI Airways Teesside
24%
Iberia Burgos
23%
Braathens International Airways/Scandinavian Airlines Haugesund
23%
Iberia Lleida
23%
Braathens International Airways/Jettime Norrköping
21%
Braathens International Airways/Jettime Umeå
20%
Ryanair/Smartwings Pardubice
19%
Helvetic Airways Sion
19%
TUI Airways Humberside
17%
Iberia Logroño
17%
Jettime/Sunclass Airlines Örebro
17%
Jettime/Sunclass Airlines Kalmar
16%
Sunclass Airlines Visby
16%
Jettime/Sunclass Airlines Karlstad
13%
Sunclass Airlines Bornholm
11%
Volotea Deauville
11%
Braathens International Airways/Jettime Skellefteå
10%
Jettime Halmstad
9%
Volotea Rodez
7%
Jettime Sundsvall
7%
Norwegian Air Shuttle Stockholm (Skavsta)
4%
No matching quizzes found
Score Distribution
Percent of People with Each Score
Percentile by Number Answered
Your Score History
You have not taken this quiz since the last reset